00880nam a2200217 i 450000100060000000300090000600500170001500700030003200800410003510000290007624501760010524600440028126000480032530000320037360000290040570000390043470000280047385200220050199900170052395201220054076368ES-MaACL20230906172823.0t|040930s1968 sp f |||| |bspa d1 aGuevara, Ernesto.96060713aEl diario del "Che" / cErnesto Guevara ; comentario preliminar de Armando Fernández-Xesta . "Páginas perdidas" de "El diario del Che" / comentadas por Ricardo Ciudad.3 aPáginas perdidas de El diario del Che aBilbao : bGran Enciclopedia Vasca, c1968. a195 p., 8 lám. ; c19 cm.14aGuevara, Ernesto.9606071 aFernández-Xesta, Armando.9501691 aCiudad, Ricardo.938941 aES-MaACLjC-51424 c76368d76368 00104070aATENEOMbATENEOMcDEPO2d2008-01-17eSCl0oC-51424p1079921r2023-02-23 00:00:00w2023-02-23yMONOGRAFIA